eBay strikes deal (Record no. 69513)
[ view plain ]
| 000 -LEADER | |
|---|---|
| fixed length control field | 01048cam a2200217 4500 |
| 001 - CONTROL NUMBER | |
| control field | WB3806-01 |
| 008 - FIXED-LENGTH DATA ELEMENTS--GENERAL INFORMATION | |
| fixed length control field | 020213n2002 000 0 eng u |
| 035 ## - SYSTEM CONTROL NUMBER | |
| System control number | (Sirsi) u116707 |
| 245 ## - TITLE STATEMENT | |
| Title | eBay strikes deal |
| 260 ## - PUBLICATION, DISTRIBUTION, ETC. | |
| Date of publication, distribution, etc. | 2002 |
| 490 ## - SERIES STATEMENT | |
| Series statement | RICS Antiques & Fine Art Faculty News |
| Volume/sequential designation | 11 February 2002, (1) |
| 520 ## - SUMMARY, ETC. | |
| Summary, etc. | eBay has struck a deal with Sothebys to rebuild and redesign the sothebys.com site which will connect its auction house and salerooms around the world plus associate dealers to eBay's 42m registered users. Sothebys will also adopt e-Bay's live auctions technology to enable real time bidding for a number of its auctions held in New York and London. Selected eBay Premier dealers and Butterfield auctioneers will also be given access. http://www.rics.org/ricscms/bin/show?class=News&template=/includes/shownews.html&id=1866 |
| 590 ## - LOCAL NOTE (RLIN) | |
| Local note | WB |
| 650 ## - SUBJECT ADDED ENTRY--TOPICAL TERM | |
| Topical term or geographic name entry element | ELECTRONIC TRADING |
| 650 ## - SUBJECT ADDED ENTRY--TOPICAL TERM | |
| Topical term or geographic name entry element | EBAY |
| 650 ## - SUBJECT ADDED ENTRY--TOPICAL TERM | |
| Topical term or geographic name entry element | SOTHEBYS |
| 650 ## - SUBJECT ADDED ENTRY--TOPICAL TERM | |
| Topical term or geographic name entry element | INTERNET |
| 650 ## - SUBJECT ADDED ENTRY--TOPICAL TERM | |
| Topical term or geographic name entry element | AUCTION HOUSES |
| 690 ## - LOCAL SUBJECT ADDED ENTRY--TOPICAL TERM (OCLC, RLIN) | |
| Topical term or geographic name as entry element | Arts and antiques |
| 9 (RLIN) | 6217 |
| 942 ## - ADDED ENTRY ELEMENTS (KOHA) | |
| Suppress in OPAC | 0 |
| Withdrawn status | Lost status | Source of classification or shelving scheme | Damaged status | Not for loan | Home library | Current library | Shelving location | Date acquired | Total Checkouts | Full call number | Barcode | Date last seen | Copy number | Price effective from | Koha item type |
|---|---|---|---|---|---|---|---|---|---|---|---|---|---|---|---|
| Dewey Decimal Classification | London | London | News article | 13/02/2002 | WB3806-01 | 116707-1001 | 06/08/2019 | 1 | 06/08/2019 | News article |